Statistics for Countries with more than 100,000,000 people

Click here to take the quiz!

General Stats

  • This quiz has been taken 21 times
  • The average score is 13 of 15

Answer Stats

HintAnswer% Correct
1,425,298,178China
100%
1,438,535,023India
100%
122,791,844Japan
100%
244,056,134Pakistan
100%
341,372,842United States
100%
217,342,170Brazil
95%
227,844,243Nigeria
90%
104,800,031Democratic Republic of the Congo
86%
114,053,219Egypt
86%
144,075,053Russia
86%
279,247,536Indonesia
81%
129,161,697Mexico
81%
174,276,120Bangladesh
67%
128,938,448Ethiopia
67%
118,674,995Philippines
62%

Score Distribution

Percentile by Number Answered

Percent of People with Each Score

Your Score History

You have not taken this quiz